Geoguessr Country Practice - Statistics

General Stats
  • This quiz has been taken 2 times
  • The average score is 6 of 20
Answer Stats
Question Tile Select % Correct
New Zealand No
100%
New Zealand No
100%
New Zealand Yes
50%
Canada Yes
50%
Canada No
50%
Canada No
50%
Germany No
50%
Argentina No
50%
Thailand No
50%
New Zealand No
0%
Canada No
0%
Germany Yes
0%
Germany No
0%
Germany No
0%
Argentina No
0%
Argentina No
0%
Argentina Yes
0%
Thailand No
0%
Thailand No
0%
Thailand Yes
0%
No matching quizzes found
Score Distribution
Percent of People with Each Score
Percentile by Number Answered
Your Score History
You have not taken this quiz